00388nam a2200169Ia 4500008004100000020001800041245001800059245001800077260001500095260002200110260000900132300001500141300002500156300001000181440001900191500000800210170705s9999 xx 000 0 und d a9780516278841 aGiant panda / cEdana Eckart. aNew York : bChildren's Press, c2003 a24 pages : bcolor illustration ; c15cm. aWelcome books. a490